|
|
|
|
| LEADER |
00585nam a22001817a 4500 |
| 005 |
20151026130408.0 |
| 008 |
091112t xxu||||| |||| 00| 0 eng d |
| 020 |
|
|
|a 014303356-5
|
| 080 |
|
|
|a F
|b CHAS
|
| 100 |
|
|
|a Chattopadhyay, Saratchandra
|9 9495
|
| 245 |
|
|
|a Parineeta
|
| 260 |
|
|
|a New Delhi
|b Penguin
|c 2005
|9 7394
|
| 300 |
|
|
|a xi, 91p.
|
| 500 |
|
|
|a tr. from Bengali by Malobika Chaudhuri
|
| 653 |
|
|
|a fiction- English literature
|
| 942 |
|
|
|c BK
|6 _
|
| 999 |
|
|
|c 4390
|d 4390
|
| 952 |
|
|
|0 0
|1 0
|2 udc
|4 0
|6 F_CHAS
|7 0
|9 15599
|a UL
|b UL
|d 2009-11-12
|l 14
|o F CHAS
|p 00056192
|r 2015-02-11
|s 2015-01-21
|w 2009-11-12
|y BK
|